تار یخی اور ادبی ناو لوں میں تاریخی عناصر کے امتیا زات / (Record no. 197340)
[ view plain ]
| 000 -LEADER | |
|---|---|
| fixed length control field | 00726nam a22001937a 4500 |
| 005 - DATE AND TIME OF LATEST TRANSACTION | |
| control field | 20230822112657.0 |
| 010 ## - LCCN (DPL NO) | |
| LC control number | UR-12147 |
| 020 ## - INTERNATIONAL STANDARD BOOK NUMBER | |
| International Standard Book Number | 9789394616790 |
| Terms of availability | 200.00 |
| 035 ## - SYSTEM CONTROL NUMBER | |
| System control number | U-10702 |
| 037 ## - SOURCE OF ACQUISITION | |
| Source of stock number/acquisition | DBAD/PUB |
| 082 ## - DEWEY DECIMAL CLASSIFICATION NUMBER | |
| Classification number | 844 |
| 100 ## - MAIN ENTRY--PERSONAL NAME | |
| Personal name | خانم ، حسینہ |
| 245 ## - TITLE STATEMENT | |
| Title | تار یخی اور ادبی ناو لوں میں تاریخی عناصر کے امتیا زات / |
| Statement of responsibility, etc | حسینہ خانم |
| 246 ## - VARYING FORM OF TITLE | |
| Title proper/short title | Tarikhi aur adabi novelon mein tarikhi anasir ke imteyazat / |
| Remainder of title | by Hasina Khanam |
| 260 ## - PUBLICATION, DISTRIBUTION, ETC. (IMPRINT) | |
| Place of publication, distribution, etc | New Delhi |
| Name of publisher, distributor, etc | Educational Publishing House |
| Date of publication, distribution, etc | 2022 ء |
| 270 ## - ADDRESS | |
| Address | H.o. D1/16, Ansari Road, Darya Ganj |
| City | New Delhi |
| Postal code | 110002 |
| 300 ## - PHYSICAL DESCRIPTION | |
| Extent | 140 ص |
| Dimensions | 23cm(Hb) |
| 942 ## - ADDED ENTRY ELEMENTS (KOHA) | |
| Source of classification or shelving scheme | Dewey Decimal Classification |
| Item type | Urdu Bks |
| Call number suffix | خ ا ن |
| Edition | |
| Classification part | 844 |
| Withdrawn status | Lost status | Not for loan | Collection code | Home library | Current library | Date acquired | Source of acquisition | Cost, normal purchase price | Full call number | Barcode | Copy number | Cost, replacement price | Koha item type |
|---|---|---|---|---|---|---|---|---|---|---|---|---|---|
| Non-fiction | Kadipur | Kadipur | 22/08/2023 | DBAD/PUB | 200.00 | 844 خ ا ن | U-10702 | 1 | 200.00 | Urdu Bks |
